000 00325nam a22001337a 4500
008 171031b xxu||||| |||| 00| 0 eng d
020 _a9781560248682
041 _aeng
080 _a33
100 _a58
101 _aBUS
245 _aA GUIDE TO SUCCESSFUL BUSINESS RELATIONS WITH THE CHINESE
_cQUANYU,H
942 _2udc
_cBK
999 _c36792
_d36792